O dundum que caiu do céu / (Record no. 468)

MARC details
000 -LÍDER
campo de controle de tamanho fixo 01157nam a22002894a 4500
001 - NÚMERO DE CONTROLE
campo de controle 468
003 - IDENTIFICADOR DO NÚMERO DE CONTROLE
campo de controle OSt
005 - DATA E HORÁRIO DA ÚLTIMA TRANSAÇÃO
campo de controle 20250902073729.0
008 - CAMPO DE DADOS FIXOS--INFORMAÇÃO GERAL
campo de controle de tamanho fixo 250902b |||||||| |||| 00| 0 eng d
020 ## - ISBN - INTERNATIONAL STANDARD BOOK NUMBER
ISBN - International Standard Book Number 8521505299
040 ## - FONTE DA CATALOGAÇÃO
Idioma da catalogação por
041 ## - CÓDIGO DE IDIOMA
Código do idioma do original e/ou traduções intermediárias do texto por
082 04 - CDD - CLASSIFICAÇÃO DECIMAL DE DEWEY
Número de Classificação 028.5
Número do exemplar A283d
100 1# - ENTRADA PRINCIPAL--NOME PESSOAL
Nome pessoal Aguiar, Luiz Antonio,
Datas associadas ao nome 1955-
9 (RLIN) 1007
245 12 - TÍTULO
Título O dundum que caiu do céu /
Indicação de responsabilidade, etc. Luiz Antonio Aguiar ; ilustrações de Gerson Conforto & Anna Marz
260 ## - PUBLICAÇÃO, DISTRIBUIÇÃO, ETC.
Local de publicação, distribuição, etc. Rio de Janeiro :
Nome do editor, distribuidor, etc. Ao Livro Técnico,
Data da publicação, distribuição, etc. 1990.
300 ## - DESCRIÇÃO FÍSICA
Extensão 38p. :
Outros detalhes físicos il. ;
520 ## - NOTA DE RESUMO, ETC.
Resumo, etc. "O Dundum que caiu do céu" narra a encantadora história de Zezé, um garoto que encontra uma criatura inusitada em seu quintal. O ser, que parece ter caído do céu, é carinhosamente apelidado de Dundum. A trama se desenrola a partir da amizade entre o menino e a criatura, que é ao mesmo tempo mágica e misteriosa.
650 #0 - ASSUNTO--TERMO TÓPICO
Cabeçalho tópico ou nome geográfico Literatura Brasileira
9 (RLIN) 205
650 #0 - ASSUNTO--TERMO TÓPICO
Cabeçalho tópico ou nome geográfico Infantojuvenil
9 (RLIN) 200
650 #0 - ASSUNTO--TERMO TÓPICO
Cabeçalho tópico ou nome geográfico Seres mágicos
9 (RLIN) 46
655 #0 - TERMO DE ÍNDICE--GÊNERO E FORMA
Gênero/forma/ou termo foco Romance
655 #0 - TERMO DE ÍNDICE--GÊNERO E FORMA
Gênero/forma/ou termo foco Ficção
700 1# - ENTRADA ADICIONADA - NOME PESSOAL
Nome pessoal Conforti, Gerson,
Datas associadas ao nome 1941-
9 (RLIN) 1008
Função do autor por extenso Ilustrador
700 1# - ENTRADA ADICIONADA - NOME PESSOAL
Nome pessoal Marz, Anna.
9 (RLIN) 1009
Função do autor por extenso ilustradora
942 ## - ELEMENTOS DE ENTRADA ADICIONADOS (KOHA)
Fonte de classificação ou esquema de arquivamento Classificação decimal de Dewey
Ocultar no OPAC Não
Tipo de material Koha Livros
Holdings
Situação do descarte Situação das perdas Fonte de classificação ou esquema de arquivamento Status danificado Não pode ser emprestado Coleção Biblioteca de origem Biblioteca atual Localização na estante Data de aquisição Fonte de aquisição Total de empréstimos Número de chamada completo Código de barras Data de último acesso Data do preço efetivo Tipo de material Koha
    Classificação decimal de Dewey     Ficção Biblioteca Professor Eduardo Afonso de Castro Biblioteca Professor Eduardo Afonso de Castro Infanto Juvenil 02.09.2025 doação   028.5 / A283d 2025-17398 01.09.2025 02.09.2025 Livros

Powered by Koha